[Event "Sao Paulo op-B U2050 8th"]
[Site "Sao Paulo"]
[Date "2019.10.19"]
[Round "4"]
[White "Ohara, Matheus Kendi"]
[Black "Ribeiro, Allysson"]
[Result "1-0"]
[WhiteElo "1684"]
[BlackElo "1832"]
[PlyCount "49"]
[EventDate "2019.10.17"]
[EventType "swiss"]
[EventRounds "6"]
[EventCountry "BRA"]
[SourceTitle "CBM 192 Extra"]
[Source "Chessbase"]
[SourceDate "2019.11.06"]
[SourceVersion "1"]
[SourceVersionDate "2019.11.06"]
[SourceQuality "1"]

1. e4 c5 2. Nf3 g6 3. d4 cxd4 4. Nxd4 Nc6 5. c4 Bg7 6. Be3 Nf6 7. Nc3 0-0 8. Be2 Qa5 9. 0-0 d6 10. a3 Nxd4 11. Bxd4 Be6 12. b4 Qc7 13. Rc1 Rfc8 14. Nd5 Bxd5 15. exd5 Bh6 16. Rc3 e5 17. dxe6 Ne4 18. exf7+ Qxf7 19. Rf3 Qc7 20. Rh3 Bf8 21. Bf3 Re8 22. Re1 Ng5 23. Bd5+ Nf7 24. Rf3 Rxe1+ 25. Qxe1 1-0

[Event "Niteroi op 1st"]
[Site "Niteroi"]
[Date "2019.09.08"]
[Round "7"]
[White "Ribeiro, Allysson"]
[Black "Damasceno, Enzo De Carvalho"]
[Result "1-0"]
[WhiteElo "1833"]
[BlackElo "1629"]
[PlyCount "115"]
[EventDate "2019.09.04"]
[EventType "swiss"]
[EventRounds "7"]
[EventCountry "BRA"]
[SourceTitle "EXT 2020"]
[Source "ChessBase"]
[SourceDate "2019.10.17"]
[SourceVersion "1"]
[SourceVersionDate "2019.10.17"]
[SourceQuality "1"]

1. d4 d5 2. c4 c6 3. Nc3 Nf6 4. e3 e6 5. cxd5 exd5 6. Bd3 Bd6 7. Nge2 0-0 8. f3 c5 9. 0-0 Nc6 10. Bc2 a6 11. a3 Be6 12. dxc5 Bxc5 13. b4 Bd6 14. Nd4 Nxd4 15. exd4 Qc7 16. Ne2 Bxh2+ 17. Kh1 Nh5 18. Qd3 g6 19. g4 Nf4 20. Nxf4 Bxf4 21. Bxf4 Qxf4 22. Rf2 Bxg4 23. Bb3 Bf5 24. Qd1 Be6 25. Rc1 Rac8 26. Rc5 b6 27. Rcc2 Bf5 28. Rcd2 Rfd8 29. Qe2 Rc1+ 30. Bd1 b5 31. Qe7 Qd6 32. Qh4 Bc2 33. Rxc2 Rxd1+ 34. Kg2 Re8 35. Rfe2 Rxe2+ 36. Rxe2 Qd7 37. Qf6 Qc8 38. Qe5 Qd8 39. Rc2 Rd3 40. Rc5 Rxa3 41. Rxd5 Qc8 42. Rc5 Qd8 43. Rd5 Ra2+ 44. Kg3 Qf8 45. Qf6 Re2 46. Rd6 Re6 47. Rxe6 fxe6 48. Qxe6+ Kg7 49. d5 Qf5 50. Qe7+ Kh6 51. d6 g5 52. d7 Qf4+ 53. Kg2 Qd2+ 54. Kh3 Qf4 55. Qe6+ Kg7 56. Qg4 Qc1 57. Qd4+ Kg6 58. d8Q 1-0

[Event "Florianopolis zt 2.4"]
[Site "Florianopolis"]
[Date "2017.04.30"]
[Round "8"]
[White "Ribeiro, Allysson"]
[Black "De Vilhena, Cleriston Mubarak T"]
[Result "1-0"]
[WhiteElo "1839"]
[BlackElo "1601"]
[PlyCount "94"]
[EventDate "2017.04.26"]
[EventType "swiss"]
[EventRounds "9"]
[EventCountry "BRA"]
[SourceTitle "CBM 178 Extra"]
[Source "ChessBase"]
[SourceDate "2017.06.22"]
[SourceVersion "1"]
[SourceVersionDate "2017.06.22"]
[SourceQuality "1"]

1. d4 d5 2. c4 c6 3. Nc3 Nf6 4. e3 Bf5 5. cxd5 cxd5 6. Qb3 Bc8 7. Bd3 e6 8. Nge2 Be7 9. 0-0 Nc6 10. a3 a6 11. Qd1 0-0 12. b4 Bd7 13. Na4 Na7 14. Bb2 Bxa4 15. Qxa4 Qd7 16. Qb3 Rfc8 17. Rac1 Rxc1 18. Rxc1 Rc8 19. Qd1 Rxc1 20. Nxc1 Nb5 21. Nb3 Qc7 22. g3 b6 23. Qd2 Ne8 24. a4 Na7 25. Bxa6 Nc6 26. Bc3 Qd6 27. Bb5 Nc7 28. Bxc6 Qxc6 29. a5 bxa5 30. Nxa5 Qb5 31. Nb3 Na6 32. Nc5 Nxc5 33. dxc5 Bxc5 34. bxc5 Qxc5 35. Qb2 g6 36. Qb8+ Qf8 37. Qe5 f6 38. Qxe6+ Qf7 39. Qxf6 Qxf6 40. Bxf6 Kf7 41. Bd4 h5 42. f4 Ke6 43. Kg2 Kf5 44. Kf3 g5 45. fxg5 Kxg5 46. h3 Kf5 47. h4 Kg6 1-0

[Event "Florianopolis zt 2.4"]
[Site "Florianopolis"]
[Date "2017.04.29"]
[Round "5"]
[White "De Haro, Martim Alfonso"]
[Black "Ribeiro, Allysson"]
[Result "0-1"]
[WhiteElo "1925"]
[BlackElo "1839"]
[PlyCount "118"]
[EventDate "2017.04.26"]
[EventType "swiss"]
[EventRounds "9"]
[EventCountry "BRA"]
[SourceTitle "CBM 178 Extra"]
[Source "ChessBase"]
[SourceDate "2017.06.22"]
[SourceVersion "1"]
[SourceVersionDate "2017.06.22"]
[SourceQuality "1"]

1. e4 c5 2. Nf3 g6 3. d4 cxd4 4. Nxd4 Bg7 5. Nc3 Nc6 6. Be3 Nf6 7. f3 0-0 8. Qd2 d5 9. 0-0-0 dxe4 10. Nxe4 Nxe4 11. fxe4 Nxd4 12. Bxd4 Bxd4 13. Qxd4 Qa5 14. Bc4 Bg4 15. Rd3 Rad8 16. Qc3 Qb6 17. h3 Be6 18. Bd5 Rc8 19. Qb3 Qxb3 20. Bxb3 Bxb3 21. Rxb3 Rc7 22. Rd1 Rfc8 23. c3 b6 24. Rd4 Rc5 25. Kd2 R8c7 26. Kd3 Rg5 27. g4 h5 28. Rd5 Rc5 29. Rxc5 Rxc5 30. Ke3 hxg4 31. hxg4 Kg7 32. Ra3 a5 33. b4 axb4 34. cxb4 Rc4 35. Rb3 b5 36. a3 Kf6 37. Rd3 e6 38. Rd7 Rc3+ 39. Kd4 Rc4+ 40. Kd3 Ke5 41. Rb7 Rd4+ 42. Ke3 Rxe4+ 43. Kf3 Rf4+ 44. Kg3 Ke4 45. Rxb5 Rf3+ 46. Kg2 Rxa3 47. g5 Kf4 48. Ra5 Rb3 49. Rb5 e5 50. Kf2 Kxg5 51. Rxe5+ Kf4 52. Re7 f5 53. Rb7 g5 54. b5 g4 55. b6 Rb2+ 56. Ke1 Kf3 57. Ra7 Rb1+ 58. Kd2 Rxb6 59. Ra3+ Kf2 0-1

[Event "BRA-ch Amateur U2000"]
[Site "Sao Paulo"]
[Date "2016.05.27"]
[Round "3"]
[White "Ribeiro, Allysson"]
[Black "Milanez, Eduardo Medeiros"]
[Result "0-1"]
[WhiteElo "1814"]
[BlackElo "1885"]
[PlyCount "132"]
[EventDate "2016.05.26"]
[EventType "swiss"]
[EventRounds "7"]
[EventCountry "BRA"]
[SourceTitle "EXT 2019"]
[Source "ChessBase"]
[SourceDate "2018.10.10"]
[SourceVersion "1"]
[SourceVersionDate "2018.10.10"]
[SourceQuality "1"]

1. d4 Nf6 2. c4 g6 3. Nc3 d5 4. cxd5 Nxd5 5. e4 Nxc3 6. bxc3 Bg7 7. Be3 0-0 8. Qd2 c5 9. d5 Qa5 10. Rc1 Rd8 11. Nf3 Nc6 12. h3 b6 13. Bd3 Ba6 14. Bxa6 Qxa6 15. Qc2 Ne5 16. Nxe5 Bxe5 17. f4 Bg7 18. Kf2 Qc4 19. Rhd1 Rd7 20. Kf3 Rad8 21. Qb3 Qxb3 22. axb3 e6 23. c4 exd5 24. Rxd5 Rxd5 25. cxd5 f5 26. Rd1 fxe4+ 27. Kxe4 Kf7 28. g4 Re8+ 29. Kf3 Ke7 30. f5 Kd6 31. Bf4+ Kd7 32. Rd2 a5 33. h4 Re1 34. Bg5 gxf5 35. gxf5 Bd4 36. Bf4 Rb1 37. Rd3 b5 38. Bg3 b4 39. d6 a4 40. bxa4 b3 41. Kg4 b2 42. Rb3 Rg1 43. Rb7+ Kc8 44. d7+ Kd8 45. f6 Bxf6 46. Kf5 b1Q+ 47. Rxb1 Rxb1 48. Kxf6 Rb7 49. a5 Rxd7 50. Ke5 Kc7 51. Ke6+ Kc6 52. Bf2 Ra7 53. Be1 c4 54. Kf6 Kd5 55. Kf5 Ra6 56. Bc3 Re6 57. h5 Re3 58. Bd2 Rf3+ 59. Kg5 c3 60. Bc1 Rf7 61. a6 Ke4 62. Kh6 Kd3 63. Bg5 Ke2 64. Bc1 c2 65. Bg5 Kd1 66. Be3 c1Q 0-1

[Event "Sao Bernardo do Campo LXSBC STD I"]
[Site "Sao Bernardo do Campo"]
[Date "2016.05.22"]
[Round "5.8"]
[White "Ribeiro, Allysson"]
[Black "Cordeiro da Silva, Felipe"]
[Result "1-0"]
[WhiteElo "1814"]
[BlackElo "1733"]
[PlyCount "121"]
[EventDate "2016.05.20"]
[EventType "swiss"]
[EventRounds "6"]
[EventCountry "BRA"]
[SourceTitle "EXT 2022"]
[Source "ChessBase"]
[SourceDate "2021.10.06"]
[SourceVersion "1"]
[SourceVersionDate "2021.10.06"]
[SourceQuality "1"]

1. d4 Nf6 2. c4 c5 3. d5 e6 4. Nc3 exd5 5. cxd5 d6 6. e4 g6 7. f4 Bg4 8. Nf3 Bxf3 9. Qxf3 Nbd7 10. Be2 Bg7 11. 0-0 a6 12. a4 0-0 13. Bd2 Qb6 14. Bc1 Rfe8 15. a5 Qc7 16. Bd2 c4 17. Rfe1 Re7 18. Ra4 Rae8 19. Rxc4 Qxa5 20. Bd3 Qb6+ 21. Qf2 Nc5 22. b4 Ng4 23. bxc5 Nxf2 24. cxb6 Nxd3 25. Re2 Nc5 26. e5 Nd7 27. Na4 dxe5 28. Bb4 Bf8 29. Bxe7 Bxe7 30. Rc7 Rd8 31. fxe5 Bb4 32. Rxb7 Nc5 33. Nxc5 Bxc5+ 34. Kf1 Rxd5 35. g3 Rd1+ 36. Kg2 g5 37. g4 h5 38. gxh5 g4 39. Kg3 Rg1+ 40. Kf4 Kg7 41. Rb8 Rb1 42. b7 Ba7 43. Ra8 Rxb7 44. Kxg4 Rb4+ 45. Kf5 Bb8 46. Rxa6 Rh4 47. h6+ Kh7 48. Kg5 Rc4 49. Rb6 Bc7 50. Rb7 Rc5 51. Kf6 Kxh6 52. Rb3 Kh5 53. Re4 Bd8+ 54. Kxf7 Rc7+ 55. Ke8 Be7 56. e6 Kg5 57. Rf3 Bf6 58. h3 Re7+ 59. Kf8 Kg6 60. Rg4+ Kh5 61. Rf5+ 1-0

[Event "Sao Bernardo do Campo LXSBC fin-B"]
[Site "Sao Bernardo do Campo"]
[Date "2016.01.24"]
[Round "3"]
[White "Ribeiro, Allysson"]
[Black "Tamarozi, Isabelle"]
[Result "0-1"]
[WhiteElo "1847"]
[BlackElo "1927"]
[PlyCount "38"]
[EventDate "2016.01.23"]
[EventType "tourn"]
[EventRounds "9"]
[EventCountry "BRA"]
[SourceTitle "EXT 2017"]
[Source "ChessBase"]
[SourceDate "2016.10.25"]
[SourceVersion "1"]
[SourceVersionDate "2016.10.25"]
[SourceQuality "1"]

1. d4 Nf6 2. c4 g6 3. Nc3 Bg7 4. e4 d6 5. f4 0-0 6. Nf3 Na6 7. Be2 e5 8. dxe5 dxe5 9. 0-0 Nc5 10. Qc2 Nfxe4 11. Rd1 Qe7 12. Nd5 Qd6 13. fxe5 Bxe5 14. Nxe5 Qxe5 15. Bf4 Qe6 16. Nxc7 Qc6 17. Nxa8 Bf5 18. g4 Nf2 19. gxf5 Nh3+ 0-1

[Event "Sao Bernardo do Campo LXSBC fin-B"]
[Site "Sao Bernardo do Campo"]
[Date "2016.01.23"]
[Round "1"]
[White "Vicentin, Marcos Tadeu"]
[Black "Ribeiro, Allysson"]
[Result "1-0"]
[WhiteElo "1917"]
[BlackElo "1847"]
[PlyCount "65"]
[EventDate "2016.01.23"]
[EventType "tourn"]
[EventRounds "9"]
[EventCountry "BRA"]
[SourceTitle "EXT 2017"]
[Source "ChessBase"]
[SourceDate "2016.10.25"]
[SourceVersion "1"]
[SourceVersionDate "2016.10.25"]
[SourceQuality "1"]

1. e4 c5 2. Ne2 g6 3. g3 Bg7 4. Bg2 Nc6 5. 0-0 d6 6. c3 Nf6 7. d4 0-0 8. h3 Bd7 9. Be3 b6 10. Kh2 Rc8 11. Nd2 cxd4 12. Nxd4 Nxd4 13. cxd4 Bb5 14. Re1 Qd7 15. a4 Ba6 16. a5 Bd3 17. axb6 axb6 18. Ra3 Bc2 19. Qa1 b5 20. Rc1 b4 21. Ra7 Rc7 22. Rxc7 Qxc7 23. b3 Rc8 24. Nc4 d5 25. exd5 Bf5 26. Ne5 Qd8 27. Rxc8 Qxc8 28. Nc6 Qb7 29. Qa5 Bf8 30. Qd8 Qd7 31. Qb8 Be4 32. Bxe4 Nxe4 33. Bh6 1-0

[Event "Sao Paulo Hebraica op 23rd"]
[Site "Sao Paulo"]
[Date "2016.01.09"]
[Round "2"]
[White "Luz, Arthur Nader"]
[Black "Ribeiro, Allysson"]
[Result "1-0"]
[WhiteElo "2114"]
[BlackElo "1847"]
[PlyCount "121"]
[EventDate "2016.01.08"]
[EventType "swiss"]
[EventRounds "6"]
[EventCountry "BRA"]
[SourceTitle "CBM 170 Extra"]
[Source "ChessBase"]
[SourceDate "2016.02.25"]
[SourceVersion "1"]
[SourceVersionDate "2016.02.25"]
[SourceQuality "1"]

1. d4 d5 2. c4 Nc6 3. Nc3 dxc4 4. Nf3 Bg4 5. d5 Bxf3 6. exf3 Na5 7. Qa4+ c6 8. dxc6 Nxc6 9. Bxc4 Nf6 10. Qb3 Ne5 11. Bb5+ Nc6 12. 0-0 e6 13. Qa4 Qc7 14. Bf4 Bd6 15. Bxd6 Qxd6 16. Rfd1 Qc7 17. Rac1 0-0 18. Ne4 Qe5 19. Bxc6 bxc6 20. Rd2 Nxe4 21. fxe4 Qf4 22. Rcd1 c5 23. Qc6 h6 24. b3 Rfc8 25. Qb7 Rcb8 26. Qc6 Rc8 27. Qb7 Rcb8 28. Qe7 Re8 29. Qxc5 Qxe4 30. Qd4 Qc6 31. Qd7 Qa6 32. Qd6 Qa5 33. Qd4 Rac8 34. h3 Red8 35. Qxd8+ Rxd8 36. Rxd8+ Kh7 37. R1d2 Qe5 38. R8d7 a5 39. g3 f5 40. R2d4 Qe2 41. a4 e5 42. Rc4 h5 43. Rcc7 Qe1+ 44. Kg2 Qe4+ 45. Kh2 Qf3 46. Kg1 Qxb3 47. Rxg7+ Kh6 48. Rgd7 Kg5 49. h4+ Kg4 50. Rb7 Qf3 51. Kf1 Kh3 52. Rb5 e4 53. Re5 f4 54. gxf4 Qxf4 55. Rde7 Qc1+ 56. Ke2 Qc4+ 57. Ke3 Qd3+ 58. Kf4 Qf3+ 59. Kg5 Qg4+ 60. Kh6 Qxh4 61. Rxh5 1-0

[Event "Matinhos Caioba-ch"]
[Site "Matinhos"]
[Date "2015.08.28"]
[Round "1"]
[White "Delgado, Lidio Dias"]
[Black "Ribeiro, Allysson"]
[Result "1-0"]
[WhiteElo "2249"]
[BlackElo "1850"]
[PlyCount "93"]
[EventDate "2015.08.28"]
[EventType "swiss"]
[EventRounds "6"]
[EventCountry "BRA"]
[SourceTitle "EXT 2016"]
[Source "ChessBase"]
[SourceDate "2015.10.08"]
[SourceVersion "1"]
[SourceVersionDate "2015.10.08"]
[SourceQuality "1"]

1. e4 e6 2. d4 d5 3. Nc3 Bb4 4. e5 c5 5. a3 cxd4 6. axb4 dxc3 7. Nf3 Ne7 8. Bd3 Qc7 9. 0-0 Nd7 10. Re1 cxb2 11. Bxb2 Nb6 12. Bd4 Nc4 13. Bxa7 Nb2 14. Bb5+ Bd7 15. Bxd7+ Qxd7 16. Qd4 Nc4 17. Bc5 0-0 18. Rad1 b5 19. Qg4 Rfd8 20. Nd4 Ng6 21. f4 Ra3 22. Rd3 Rxd3 23. cxd3 Nb2 24. Re3 Ra8 25. h4 h5 26. Qg5 Qd8 27. Qxd8+ Rxd8 28. g3 Rb8 29. f5 exf5 30. Nxf5 Ra8 31. Bd4 Ra1+ 32. Kg2 Rb1 33. e6 fxe6 34. Rxe6 Kf7 35. Nxg7 Nxd3 36. Rf6+ Kg8 37. Rxg6 Kh7 38. Rg5 Ne1+ 39. Kf2 Nd3+ 40. Ke2 Nxb4 41. Nxh5 Rb3 42. Nf6+ Kh6 43. Ng8+ Kh7 44. Rg7+ Kh8 45. Ne7 Re3+ 46. Kxe3 Nc2+ 47. Kd3 1-0

[Event "Florianopolis Cordioli Memorial"]
[Site "Florianopolis"]
[Date "2015.07.03"]
[Round "1"]
[White "Ribeiro, Allysson"]
[Black "Espindola, Carlos Marcelo"]
[Result "1-0"]
[WhiteElo "1868"]
[BlackElo "1772"]
[PlyCount "49"]
[EventDate "2015.07.03"]
[EventType "swiss"]
[EventRounds "7"]
[EventCountry "BRA"]
[SourceTitle "EXT 2016"]
[Source "ChessBase"]
[SourceDate "2015.10.08"]
[SourceVersion "1"]
[SourceVersionDate "2015.10.08"]
[SourceQuality "1"]

1. d4 Nf6 2. c4 e5 3. dxe5 Ng4 4. e4 Nxe5 5. Nf3 Bb4+ 6. Bd2 Bxd2+ 7. Nbxd2 d6 8. Nxe5 dxe5 9. Nf3 0-0 10. Be2 Nc6 11. 0-0 Be6 12. Qc1 Qe7 13. Rd1 Rfd8 14. Qc3 f6 15. a3 Rxd1+ 16. Rxd1 Rd8 17. Rd5 Bxd5 18. cxd5 Nb8 19. Bc4 Kf8 20. Nh4 Qc5 21. b4 Qb6 22. Nf5 Nd7 23. Qh3 g6 24. Qxh7 gxf5 25. d6 1-0